[Event "South Wales op 17th"]
[Site "Bridgend"]
[Date "2022.07.09"]
[Round "5"]
[White "Sainbayar, Anuurai"]
[Black "Khan, Mohammed"]
[Result "1-0"]
[WhiteElo "1512"]
[BlackElo "2035"]
[PlyCount "57"]
[EventDate "2022.07.07"]
[EventType "swiss"]
[EventRounds "9"]
[EventCountry "WLS"]
[SourceTitle "CBM 209 Extra"]
[Source "ChessBase"]
[SourceDate "2022.09.30"]
[SourceVersion "1"]
[SourceVersionDate "2022.09.30"]
[SourceQuality "1"]

1. b4 e5 2. Bb2 Bxb4 3. Bxe5 Nf6 4. e3 Be7 5. c4 Nc6 6. Bb2 d6 7. Nf3 Bf5 8. d4 0-0 9. Nc3 Re8 10. h3 Bf8 11. Nh4 Bg6 12. Nxg6 hxg6 13. Be2 Ne4 14. Nxe4 Rxe4 15. Qc2 Re8 16. a3 d5 17. cxd5 Qxd5 18. 0-0 Qd7 19. Bc4 Ne7 20. Rac1 c6 21. e4 Rad8 22. Qe2 Nd5 23. Qf3 Nf6 24. Rfe1 Qc7 25. d5 Qb6 26. Bxf6 gxf6 27. dxc6 bxc6 28. Qxf6 Bg7 29. Bxf7+ 1-0

[Event "Budapest InspireChess"]
[Site "Budapest"]
[Date "2020.11.28"]
[Round "6"]
[White "Sainbayar, Anuurai"]
[Black "Mayer, Istvan"]
[Result "0-1"]
[WhiteElo "1583"]
[BlackElo "1859"]
[PlyCount "42"]
[EventDate "2020.11.26"]
[EventType "tourn"]
[EventRounds "6"]
[EventCountry "HUN"]
[SourceTitle "CBM 199 Extra"]
[Source "ChessBase"]
[SourceDate "2021.01.31"]
[SourceVersion "1"]
[SourceVersionDate "2021.01.31"]
[SourceQuality "1"]

1. b4 a5 2. b5 c6 3. a4 d5 4. e3 e5 5. Bb2 Nd7 6. Nf3 Bd6 7. c4 Ngf6 8. cxd5 cxd5 9. Na3 0-0 10. Be2 Qe7 11. Nh4 Nc5 12. d4 exd4 13. Bxd4 Nce4 14. Nc2 Ng4 15. Bxg4 Qxh4 16. Qe2 Bxg4 17. g3 Qh5 18. Qd3 Bf3 19. Rg1 Rac8 20. Rb1 Nxf2 21. Qd2 Ne4 0-1

[Event "Budapest FS11 FM"]
[Site "Budapest"]
[Date "2020.11.15"]
[Round "8"]
[White "Sainbayar, Anuurai"]
[Black "Mayer, Istvan"]
[Result "1/2-1/2"]
[WhiteElo "1583"]
[BlackElo "1859"]
[PlyCount "63"]
[EventDate "2020.11.07"]
[EventType "tourn"]
[EventRounds "10"]
[EventCountry "HUN"]
[SourceTitle "CBM 199 Extra"]
[Source "ChessBase"]
[SourceDate "2021.01.31"]
[SourceVersion "1"]
[SourceVersionDate "2021.01.31"]
[SourceQuality "1"]

1. Nf3 c5 2. c4 Nc6 3. Nc3 g6 4. g3 Bg7 5. Bg2 Nf6 6. 0-0 0-0 7. d4 cxd4 8. Nxd4 Ne5 9. b3 Qb6 10. Bf4 d6 11. Qd2 Nc6 12. Nxc6 bxc6 13. Bh6 Bb7 14. Bxg7 Kxg7 15. Rad1 Rad8 16. e4 Bc8 17. h3 Be6 18. Rfe1 Nd7 19. Qd4+ f6 20. Qxb6 Nxb6 21. Rd2 Rc8 22. f4 Nd7 23. Rf2 Bf7 24. g4 h6 25. Ne2 Bg8 26. Nd4 e5 27. Ne2 Nc5 28. Rd1 Rcd8 29. f5 g5 30. Nc1 Kf7 31. Rfd2 Ke7 32. Nd3 1/2-1/2

[Event "Budapest FS11 FM"]
[Site "Budapest"]
[Date "2020.11.11"]
[Round "5"]
[White "Szurkos, Andras"]
[Black "Sainbayar, Anuurai"]
[Result "0-1"]
[WhiteElo "1612"]
[BlackElo "1583"]
[PlyCount "148"]
[EventDate "2020.11.07"]
[EventType "tourn"]
[EventRounds "10"]
[EventCountry "HUN"]
[SourceTitle "CBM 199 Extra"]
[Source "ChessBase"]
[SourceDate "2021.01.31"]
[SourceVersion "1"]
[SourceVersionDate "2021.01.31"]
[SourceQuality "1"]

1. e4 a6 2. d4 b5 3. c4 bxc4 4. Bxc4 e6 5. Nf3 c5 6. 0-0 cxd4 7. Qxd4 Nc6 8. Qc3 Nf6 9. e5 Bb4 10. Qc2 Ng4 11. Qe4 f5 12. exf6 Nxf6 13. Qh4 Be7 14. Nc3 Rb8 15. Qg3 Rb4 16. Nd2 Na5 17. Qd3 Nxc4 18. Nxc4 Qc7 19. Ne3 Bb7 20. a3 Rh4 21. g3 Qc6 22. f3 Rh5 23. Ng2 Ng4 24. h4 Ne5 25. Qe4 Nxf3+ 26. Rxf3 Qxe4 27. Nxe4 Bxe4 28. Rc3 Bc6 29. Be3 0-0 30. Rf1 Bf6 31. Rc2 Rb5 32. b4 e5 33. Bc5 Rc8 34. Ne3 Be4 35. Rd2 Rd8 36. Nd5 Bxd5 37. Rxd5 Kf7 38. Rfd1 Rb7 39. Rd6 Be7 40. Rxa6 Bxc5+ 41. bxc5 Rc8 42. Rd5 Re8 43. Rb6 Ra7 44. a4 Re7 45. Rb4 Ra6 46. Rd6 Rxd6 47. cxd6 Re8 48. Kf2 Ke6 49. Rg4 g6 50. h5 gxh5 51. Rh4 Kxd6 52. Rxh5 Ra8 53. Rh4 Kc6 54. Ke3 d5 55. Kd3 Rg8 56. g4 Rg7 57. Kc3 Kc5 58. Kb3 Rb7+ 59. Ka3 Kc4 60. g5+ e4 61. Rh1 Rb3+ 62. Ka2 e3 63. Rxh7 Rb6 64. Ka3 d4 65. Rc7+ Kd3 66. a5 Ra6 67. Kb4 e2 68. Re7 Kd2 69. Kb5 Rg6 70. Re5 e1Q 71. Rxe1 Kxe1 72. Kc4 Rxg5 73. a6 Ra5 74. Kxd4 Rxa6 0-1

[Event "Budapest FS10 Nadassy"]
[Site "Budapest"]
[Date "2020.10.13"]
[Round "10.3"]
[White "Sainbayar, Anuurai"]
[Black "Mayer, Istvan"]
[Result "1/2-1/2"]
[WhiteElo "1591"]
[BlackElo "1863"]
[PlyCount "65"]
[EventDate "2020.10.03"]
[EventType "team-schev"]
[EventRounds "12"]
[EventCountry "HUN"]
[SourceTitle "EXT 2022"]
[Source "ChessBase"]
[SourceDate "2021.10.06"]
[SourceVersion "1"]
[SourceVersionDate "2021.10.06"]
[SourceQuality "1"]
[WhiteTeam "Team 2"]
[BlackTeam "Team 1"]
[WhiteTeamCountry "HUN"]
[BlackTeamCountry "HUN"]

1. d4 d5 2. Bf4 c5 3. c3 Nc6 4. e3 Bf5 5. Bd3 Bxd3 6. Qxd3 Qb6 7. Qc2 Rc8 8. Nf3 h6 9. 0-0 Nf6 10. Nbd2 e6 11. h3 Be7 12. Ne5 0-0 13. Ndf3 cxd4 14. Nxc6 bxc6 15. exd4 c5 16. Be5 Nd7 17. Qb3 Nxe5 18. dxe5 Rb8 19. Qxb6 Rxb6 20. b3 a5 21. Rab1 Rfb8 22. Nd2 f6 23. exf6 Bxf6 24. c4 Bc3 25. Rbd1 Rb4 26. cxd5 exd5 27. Nb1 Bd4 28. Na3 a4 29. Nc2 axb3 30. axb3 Rxb3 31. Nxd4 cxd4 32. Rxd4 R3b5 33. Rfd1 1/2-1/2

[Event "Budapest FS10 Nadassy"]
[Site "Budapest"]
[Date "2020.10.10"]
[Round "7.2"]
[White "Sainbayar, Anuurai"]
[Black "Poor, Sandor"]
[Result "1/2-1/2"]
[WhiteElo "1591"]
[BlackElo "2007"]
[PlyCount "75"]
[EventDate "2020.10.03"]
[EventType "team-schev"]
[EventRounds "12"]
[EventCountry "HUN"]
[SourceTitle "EXT 2022"]
[Source "ChessBase"]
[SourceDate "2021.10.06"]
[SourceVersion "1"]
[SourceVersionDate "2021.10.06"]
[SourceQuality "1"]
[WhiteTeam "Team 2"]
[BlackTeam "Team 1"]
[WhiteTeamCountry "HUN"]
[BlackTeamCountry "HUN"]

1. d4 d5 2. Bf4 Nf6 3. e3 Bf5 4. h3 h6 5. Bd3 Bxd3 6. Qxd3 c6 7. Nd2 Nbd7 8. Ne2 e6 9. Nf3 Be7 10. g4 Ne4 11. h4 a5 12. Bg3 a4 13. a3 Qa5+ 14. c3 Qa6 15. Qc2 Nxg3 16. Nxg3 g6 17. g5 h5 18. Ne5 Nxe5 19. dxe5 Bc5 20. Ne2 Qc4 21. Nd4 Kd7 22. Qe2 Qxe2+ 23. Kxe2 b5 24. Rad1 Kc7 25. Rh3 Rhd8 26. Rf3 Rd7 27. Rf6 Re8 28. Nc2 Bf8 29. Nd4 Bg7 30. f4 Bxf6 31. gxf6 Rb8 32. Rd2 c5 33. Nc2 Kc6 34. Kd1 Rbd8 35. Ke2 Rb8 36. Kf3 Kb6 37. Ke2 Rc8 38. Kd1 1/2-1/2

[Event "Budapest FS10 Nadassy"]
[Site "Budapest"]
[Date "2020.10.07"]
[Round "5.4"]
[White "Sainbayar, Anuurai"]
[Black "Farago, Sandor"]
[Result "0-1"]
[WhiteElo "1591"]
[BlackElo "2195"]
[PlyCount "80"]
[EventDate "2020.10.03"]
[EventType "team-schev"]
[EventRounds "12"]
[EventCountry "HUN"]
[SourceTitle "EXT 2022"]
[Source "ChessBase"]
[SourceDate "2021.10.06"]
[SourceVersion "1"]
[SourceVersionDate "2021.10.06"]
[SourceQuality "1"]
[WhiteTeam "Team 2"]
[BlackTeam "Team 1"]
[WhiteTeamCountry "HUN"]
[BlackTeamCountry "HUN"]

1. d4 Nf6 2. Bf4 b6 3. e3 Bb7 4. h3 g6 5. Nf3 Bg7 6. Bd3 d6 7. c3 Nbd7 8. 0-0 0-0 9. Re1 Qe8 10. e4 e5 11. dxe5 dxe5 12. Bg5 h6 13. Bxf6 Nxf6 14. Qb3 a6 15. Nbd2 Rd8 16. Bc2 Nd7 17. Qc4 Nc5 18. a4 a5 19. Rad1 Ba6 20. Qa2 Nd3 21. Re3 Qc6 22. Qb1 Nf4 23. Nf1 Qe6 24. Ng3 Rxd1+ 25. Qxd1 Qe7 26. h4 Rd8 27. Qe1 h5 28. b4 Bc4 29. Ne2 Nxe2+ 30. Rxe2 Bxe2 31. Qxe2 axb4 32. Qc4 bxc3 33. Qxc3 Bf6 34. g3 Qc5 35. Qb2 Kg7 36. Kg2 Qc4 37. Qc1 Rd6 38. Qb1 Rc6 39. Ne1 Qc3 40. Nd3 Qxc2 0-1

[Event "Pardubice Czech op-B"]
[Site "Pardubice"]
[Date "2020.09.21"]
[Round "1"]
[White "Sainbayar, Anuurai"]
[Black "Kirste, Olaf"]
[Result "1/2-1/2"]
[WhiteElo "1584"]
[BlackElo "1891"]
[PlyCount "63"]
[EventDate "2020.09.21"]
[EventType "swiss"]
[EventRounds "9"]
[EventCountry "CZE"]
[SourceTitle "CBM 198 Extra"]
[Source "ChessBase"]
[SourceDate "2020.11.30"]
[SourceVersion "1"]
[SourceVersionDate "2020.11.30"]
[SourceQuality "1"]

1. b4 e6 2. a3 Nf6 3. c4 c5 4. bxc5 Bxc5 5. d4 Bd6 6. Nc3 Nc6 7. Nf3 0-0 8. e4 Bb8 9. Bd3 d5 10. e5 dxc4 11. exf6 cxd3 12. fxg7 Re8 13. Qxd3 e5 14. Ng5 e4 15. Qc4 Qf6 16. 0-0 Nxd4 17. Ncxe4 Qxg7 18. Be3 Ne6 19. Rab1 h6 20. Nf3 Nf4 21. Ng3 Qg4 22. Rb4 Be6 23. Qd4 Qxg3 24. hxg3 Ne2+ 25. Kh2 Nxd4 26. Nxd4 Bd5 27. Bxh6 Bd6 28. Rb5 Bc4 29. Rg5+ Kh7 30. Rg7+ Kh8 31. Rh1 Re5 32. Rg5 1/2-1/2

[Event "ENG-ch rapid (Women)"]
[Site "London"]
[Date "2019.12.07"]
[Round "7"]
[White "Latypova, Olga L"]
[Black "Sainbayar, Anuurai"]
[Result "1-0"]
[WhiteElo "1199"]
[BlackElo "1577"]
[PlyCount "51"]
[EventDate "2019.12.07"]
[EventType "swiss (rapid)"]
[EventRounds "7"]
[EventCountry "ENG"]
[SourceTitle "CBM 195 Extra"]
[Source "ChessBase"]
[SourceDate "2020.05.31"]
[SourceVersion "1"]
[SourceVersionDate "2020.05.31"]
[SourceQuality "1"]

1. e4 a6 2. Nf3 b5 3. d4 e6 4. Bd3 Bb7 5. 0-0 c5 6. Be3 cxd4 7. Nxd4 Nc6 8. a3 Nf6 9. f3 Bc5 10. Nf5 Bxe3+ 11. Nxe3 Qb6 12. Qd2 d5 13. Kh1 Rd8 14. exd5 Nxd5 15. Nxd5 Rxd5 16. Nc3 Rh5 17. Qf4 0-0 18. Qg4 Rh6 19. Rae1 Qc7 20. h3 Ne5 21. Qg3 f6 22. Ne4 Qb6 23. Nxf6+ Rfxf6 24. Rxe5 Qd4 25. Rg5 Rf7 26. Qb8+ 1-0

[Event "ENG-ch rapid (Women)"]
[Site "London"]
[Date "2019.12.07"]
[Round "6"]
[White "Sainbayar, Anuurai"]
[Black "Karpe, Reya"]
[Result "1-0"]
[WhiteElo "1577"]
[BlackElo "1149"]
[PlyCount "95"]
[EventDate "2019.12.07"]
[EventType "swiss (rapid)"]
[EventRounds "7"]
[EventCountry "ENG"]
[SourceTitle "CBM 195 Extra"]
[Source "ChessBase"]
[SourceDate "2020.05.31"]
[SourceVersion "1"]
[SourceVersionDate "2020.05.31"]
[SourceQuality "1"]

1. b4 e5 2. a3 Nf6 3. c4 a6 4. g3 Nc6 5. Bg2 d5 6. cxd5 Nxd5 7. Bb2 Be7 8. Nf3 e4 9. Nd4 Nxd4 10. Bxd4 f5 11. Bxg7 Rg8 12. Bb2 Bf6 13. Nc3 Nxc3 14. Bxc3 Bxc3 15. dxc3 Qxd1+ 16. Rxd1 Bd7 17. 0-0 0-0-0 18. f3 exf3 19. Rxf3 Rgf8 20. Rfd3 f4 21. Bxb7+ Kxb7 22. Rxd7 Rxd7 23. Rxd7 fxg3 24. hxg3 Rh8 25. Re7 h5 26. e4 h4 27. Kg2 hxg3 28. Kxg3 Rh1 29. Rd7 Re1 30. Kf4 Kc6 31. Rd5 Rf1+ 32. Ke5 Rf8 33. Rc5+ Kd7 34. Ra5 Re8+ 35. Kf5 Rf8+ 36. Ke5 Re8+ 37. Kd4 Ra8 38. b5 Kd6 39. Rxa6+ Rxa6 40. bxa6 Kc6 41. a7 Kb7 42. e5 Kxa7 43. e6 Kb8 44. e7 Kb7 45. e8Q Kb6 46. a4 c5+ 47. Kd5 Ka5 48. Qb5# 1-0

[Event "ENG-ch rapid (Women)"]
[Site "London"]
[Date "2019.12.07"]
[Round "4"]
[White "Subramanian, Anusha"]
[Black "Sainbayar, Anuurai"]
[Result "0-1"]
[WhiteElo "1265"]
[BlackElo "1577"]
[PlyCount "94"]
[EventDate "2019.12.07"]
[EventType "swiss (rapid)"]
[EventRounds "7"]
[EventCountry "ENG"]
[SourceTitle "CBM 195 Extra"]
[Source "ChessBase"]
[SourceDate "2020.05.31"]
[SourceVersion "1"]
[SourceVersionDate "2020.05.31"]
[SourceQuality "1"]

1. e4 e6 2. d4 c5 3. c3 d5 4. e5 Nc6 5. Nf3 Qb6 6. Bd3 Bd7 7. dxc5 Bxc5 8. 0-0 Qc7 9. b4 Bb6 10. a4 a5 11. Bf4 axb4 12. cxb4 Nxb4 13. Be2 Ne7 14. Nbd2 0-0 15. Rc1 Nbc6 16. Nb3 Rxa4 17. Bg5 Nf5 18. Bb5 Rb4 19. Bxc6 bxc6 20. Re1 Qa7 21. Rf1 c5 22. Rb1 Ba4 23. Ra1 Rxb3 24. Qxb3 Bxb3 25. Rxa7 Bxa7 26. Rc1 c4 27. Nd2 Nd4 28. Kf1 Nc2 29. Rb1 Nd4 30. Be3 Bc2 31. Ra1 Bd3+ 32. Kg1 Ne2+ 33. Kh1 Bxe3 34. fxe3 c3 35. Nb3 f6 36. exf6 Rxf6 37. Nc5 Bc4 38. Nd7 Rf2 39. Ne5 c2 40. Ra8+ Rf8 41. Rxf8+ Kxf8 42. Nd7+ Ke7 43. h4 c1Q+ 44. Kh2 Kxd7 45. h5 Qe1 46. g4 Qg3+ 47. Kh1 Qg1# 0-1

[Event "London Classic U1825 op 10th"]
[Site "London"]
[Date "2018.12.15"]
[Round "3"]
[White "Watkins, Bridgette"]
[Black "Sainbayar, Anuurai"]
[Result "1-0"]
[WhiteElo "1356"]
[BlackElo "1672"]
[PlyCount "93"]
[EventDate "2018.12.14"]
[EventType "swiss"]
[EventRounds "5"]
[EventCountry "ENG"]
[SourceTitle "CBM 187 Extra"]
[Source "ChessBase"]
[SourceDate "2018.11.04"]
[SourceVersion "1"]
[SourceVersionDate "2018.11.04"]
[SourceQuality "1"]

1. e4 e5 2. Nf3 d6 3. Bc4 Nf6 4. Nc3 Bg4 5. 0-0 Nc6 6. h3 Bh5 7. d3 Nd4 8. Nb5 Nxf3+ 9. gxf3 Qd7 10. Kg2 h6 11. Qd2 Be7 12. f4 exf4 13. Qxf4 a6 14. Nd4 Nh7 15. Nf5 Bf6 16. Qg3 Ng5 17. Bxg5 hxg5 18. c3 g6 19. Ne3 c6 20. d4 Qe7 21. e5 dxe5 22. Ng4 Bxg4 23. hxg4 0-0-0 24. Rfe1 e4 25. Bd3 Be5 26. Rxe4 Bxg3 27. Rxe7 Bf4 28. Rxf7 Rh2+ 29. Kg1 Rdh8 30. Rf1 Rh1+ 31. Kg2 R8h2+ 32. Kf3 Rh3+ 33. Kg2 R1h2+ 34. Kg1 Rxd3 35. Rxf4 gxf4 36. Kxh2 Rd2 37. Kg2 Rxb2 38. Re1 g5 39. Re5 Rb5 40. Kf3 Kd7 41. Ke4 Rxe5+ 42. Kxe5 Ke7 43. Kf5 Kf7 44. Kxg5 f3 45. Kf4 b5 46. Kxf3 a5 47. Ke4 1-0

[Event "BCF-chT1b 1314 (4NCL)"]
[Site "England"]
[Date "2014.03.22"]
[Round "7.158"]
[White "Sainbayar, Anuurai"]
[Black "Arakhamia Grant, Ketevan"]
[Result "0-1"]
[WhiteElo "1686"]
[BlackElo "2388"]
[PlyCount "52"]
[EventDate "2013.11.16"]
[EventType "team-tourn"]
[EventRounds "7"]
[EventCountry "ENG"]
[SourceTitle "EXT 2015"]
[Source "ChessBase"]
[SourceDate "2014.11.20"]
[SourceVersion "1"]
[SourceVersionDate "2014.11.20"]
[SourceQuality "1"]
[WhiteTeam "Grantham Sharks II"]
[BlackTeam "Wood Green Hilsmark"]
[WhiteTeamCountry "ENG"]
[BlackTeamCountry "ENG"]

1. d4 Nf6 2. c4 g6 3. Nc3 Bg7 4. e4 d6 5. h3 0-0 6. Nf3 e5 7. d5 c6 8. Bd3 Nbd7 9. b4 a5 10. Qa4 b5 11. cxb5 cxd5 12. Nxd5 Nxd5 13. Bd2 N7b6 14. Qb3 Nxb4 15. Bxb4 Be6 16. Qc3 axb4 17. Qxb4 Ra4 18. Qd2 Nc4 19. Qc2 Qa5+ 20. Ke2 Rc8 21. Qc1 Rxa2+ 22. Rxa2 Qxa2+ 23. Kf1 Nb2 24. Qd2 Nxd3 25. Qxd3 Rc1+ 26. Ne1 Bc4 0-1

[Event "4NCL-chT rapid"]
[Site "Daventry"]
[Date "2013.10.05"]
[Round "1.4"]
[White "Sainbayar, Anuurai"]
[Black "Talsma, Paul"]
[Result "0-1"]
[WhiteElo "1686"]
[BlackElo "2192"]
[PlyCount "57"]
[EventDate "2013.10.05"]
[EventType "team-swiss (rapid)"]
[EventRounds "7"]
[EventCountry "ENG"]
[SourceTitle "CBM 156 Extra"]
[Source "ChessBase"]
[SourceDate "2013.10.22"]
[SourceVersion "1"]
[SourceVersionDate "2013.10.22"]
[SourceQuality "1"]
[WhiteTeam "CSC II"]
[BlackTeam "RSJ"]
[WhiteTeamCountry "ENG"]
[BlackTeamCountry "ENG"]

1. c4 f5 2. Nc3 Nf6 3. g3 g6 4. Bg2 Bg7 5. d3 d6 6. Nf3 0-0 7. 0-0 Nc6 8. a3 a5 9. Rb1 Nh5 10. Ne1 f4 11. Nc2 e5 12. b4 axb4 13. axb4 fxg3 14. fxg3 Bg4 15. b5 Nd4 16. Nxd4 exd4 17. Nd5 Rxf1+ 18. Qxf1 Qd7 19. Nf4 Rf8 20. Qe1 Nxf4 21. Bxf4 Re8 22. Rb2 Qf5 23. Be4 Rxe4 24. dxe4 Qxe4 25. Qf2 d3 26. exd3 Qxd3 27. Rc2 Bd4 28. Be3 Bxe3 29. Ra2 0-1

[Event "Uxbridge e2e4 Major op"]
[Site "Uxbridge"]
[Date "2011.03.19"]
[Round "3"]
[White "Sainbayar, Anuurai"]
[Black "David, Ivan"]
[Result "1/2-1/2"]
[WhiteElo "1715"]
[BlackElo "1970"]
[PlyCount "39"]
[EventDate "2011.03.18"]
[EventType "swiss"]
[EventRounds "5"]
[EventCountry "ENG"]
[SourceTitle "EXT 2023"]
[Source "ChessBase"]
[SourceDate "2022.10.05"]
[SourceVersion "1"]
[SourceVersionDate "2022.10.05"]
[SourceQuality "1"]

1. d4 d5 2. Nf3 Nf6 3. c4 c6 4. Nc3 a6 5. Bf4 Bf5 6. h3 e6 7. e3 Be7 8. c5 b5 9. Ne5 0-0 10. Bd3 Bxd3 11. Qxd3 Nfd7 12. 0-0 f6 13. Nxd7 Nxd7 14. b4 e5 15. dxe5 fxe5 16. Bh2 Bf6 17. e4 d4 18. Ne2 Qe7 19. Ng3 Rfe8 20. a4 1/2-1/2